[Event "London Classic Open 2018"]
[Site "London ENG"]
[Date "2018.12.15"]
[Round "8.12"]
[White "Wadsworth, Matthew J"]
[Black "Flear, Glenn C"]
[Result "1/2-1/2"]
[WhiteTitle "FM"]
[BlackTitle "GM"]
[WhiteElo "2364"]
[BlackElo "2451"]
[WhiteFideId "415804"]
[BlackFideId "400165"]
[EventDate "2018.12.09"]

1. g3 d5 2. Nf3 Nf6 3. Bg2 Bg4 4. c4 c6 5. Ne5 Be6 6. cxd5 Bxd5 7. Nf3 g6 8. Nc3
Bg7 9. Nxd5 cxd5 10. Qb3 Qb6 11. Qxb6 axb6 12. d3 Nc6 13. Bd2 O-O 14. Bc3 Nd7
15. O-O Bxc3 16. bxc3 Ra3 17. Rfc1 Rfa8 18. Rc2 e6 19. Nd2 b5 20. Nb1 R3a6 21.
Rb2 b4 22. cxb4 Rb6 23. b5 Nd4 24. e4 dxe4 25. Bxe4 Nc5 26. Nd2 f5 27. Nc4 Rxb5
28. Rxb5 Nxb5 29. Bg2 Nd4 30. a4 Rxa4 31. Rxa4 Nxa4 32. Bxb7 Nc5 33. Ba8 Nxd3
34. h4 e5 35. Kg2 Kg7 36. Bd5 Kf6 37. Kf1 e4 38. Kg2 Ne2 39. Ne3 Nd4 40. Kf1 h6
41. Nc4 Nb4 42. Bb7 h5 43. Bc8 Nd3 44. Bb7 Nf3 45. Bd5 Nb4 46. Bb7 Ne5 47. Ne3
Ng4 48. Nxg4+ hxg4 49. Bc8 Ke5 50. Bd7 Nd5 51. Be8 Kf6 52. Bc6 Nb4 53. Be8 Nd3
54. Ke2 f4 55. Bd7 Ne5 56. Bc8 f3+ 57. Ke3 Nc4+ 58. Kxe4 Nd6+ 59. Kf4 Nxc8 60.
Kxg4 Nd6 61. Kxf3 Kf5 62. g4+ Ke5 63. h5 1/2-1/2

[Event "London Classic Open 2018"]
[Site "London ENG"]
[Date "2018.12.15"]
[Round "8.13"]
[White "Sperling, Lennart"]
[Black "Elsness, Frode"]
[Result "0-1"]
[BlackTitle "IM"]
[WhiteElo "2116"]
[BlackElo "2447"]
[WhiteFideId "12990132"]
[BlackFideId "1501100"]
[EventDate "2018.12.09"]

1. d4 Nf6 2. c4 e6 3. g3 d5 4. Bg2 dxc4 5. Nf3 c5 6. O-O Nc6 7. Qa4 Bd7 8. Qxc4
b5 9. Qd3 c4 10. Qc2 Be7 11. Nc3 Rc8 12. a3 Na5 13. Bf4 Nd5 14. Ne5 Nxf4 15.
gxf4 O-O 16. Nxd7 Qxd7 17. Rad1 Bd6 18. e3 Nb3 19. d5 e5 20. fxe5 Bxe5 21. Ne4
Nc5 22. Nxc5 Rxc5 23. f4 Bd6 24. e4 f6 25. Qc3 Qc7 26. Qh3 Bxf4 27. d6 Qb6 28.
Qe6+ Kh8 29. Kh1 Be5 30. Qe7 Qd8 31. Qxa7 Rc6 32. Rd5 Rxd6 33. Rxb5 Qe8 34. Rb7
Qh5 35. h3 Rd3 36. Qf2 Rfd8 37. Qf5 Qe8 38. Qg4 Rg3 39. Qe2 Qe6 40. a4 Rxh3+ 0-1

[Event "London Classic Open 2018"]
[Site "London ENG"]
[Date "2018.12.15"]
[Round "8.14"]
[White "Akash Pc, Iyer"]
[Black "Lane, Gary W"]
[Result "1-0"]
[WhiteTitle "IM"]
[BlackTitle "IM"]
[WhiteElo "2441"]
[BlackElo "2353"]
[WhiteFideId "5006775"]
[BlackFideId "3203301"]
[EventDate "2018.12.09"]

1. d4 d5 2. c4 dxc4 3. e3 e5 4. Bxc4 exd4 5. exd4 Nf6 6. Nf3 Be7 7. O-O O-O 8.
h3 Nbd7 9. Qc2 Nb6 10. Bb3 Nbd5 11. a3 b6 12. Ne5 Bb7 13. Rd1 Qd6 14. Nd2 c5 15.
Ndf3 Rac8 16. Qe2 h6 17. Nh4 cxd4 18. Nf5 Qe6 19. Nxd4 Qd6 20. Ng4 Nxg4 21. Qxg4
Nf6 22. Qxg7+ Kxg7 23. Nf5+ Kg6 24. Nxd6 Bxd6 25. Rxd6 Rfd8 26. Rxd8 Rxd8 27.
Be3 Be4 28. Rc1 Rd7 29. Ba4 Re7 30. Bc6 Bf5 31. Bf3 Be6 32. Rc6 Kh7 33. Bd4 Ne8
34. Kh2 Rd7 35. Be5 Bd5 36. Bxd5 Rxd5 37. Bf4 h5 38. Kg3 Rb5 39. b4 a5 40. Bd2
axb4 41. axb4 Ng7 42. Kf3 Ne6 43. Ke4 Kg8 44. f4 Kh7 45. g4 hxg4 46. hxg4 1-0

[Event "London Classic Open 2018"]
[Site "London ENG"]
[Date "2018.12.15"]
[Round "8.15"]
[White "Pert, Richard G"]
[Black "Fischer, Daniel"]
[Result "1-0"]
[WhiteTitle "IM"]
[BlackTitle "FM"]
[WhiteElo "2416"]
[BlackElo "2324"]
[WhiteFideId "404748"]
[BlackFideId "1328360"]
[EventDate "2018.12.09"]

1. d4 Nf6 2. Nf3 d5 3. Bf4 e6 4. e3 Bd6 5. Nbd2 O-O 6. Bd3 c5 7. dxc5 Bxc5 8.
O-O Nbd7 9. c4 Nb6 10. Rc1 dxc4 11. Nxc4 Nbd5 12. Bg3 b6 13. a3 a5 14. Qc2 Ne7
15. Rfd1 Bd7 16. Nfe5 Ra7 17. Bh4 h6 18. Qd2 g5 19. Bg3 a4 20. Qe2 Qc8 21. Nxb6 1-0

[Event "London Classic Open 2018"]
[Site "London ENG"]
[Date "2018.12.15"]
[Round "8.16"]
[White "Wells, Peter K"]
[Black "Tomaszewski, Kacper"]
[Result "1-0"]
[WhiteTitle "GM"]
[BlackTitle "FM"]
[WhiteElo "2412"]
[BlackElo "2259"]
[WhiteFideId "400327"]
[BlackFideId "1127373"]
[EventDate "2018.12.09"]

1. d4 Nf6 2. c4 g6 3. Nc3 d5 4. Bg5 Ne4 5. Bh4 g5 6. Bg3 h5 7. Qc2 e6 8. cxd5
Nxg3 9. hxg3 exd5 10. e3 c6 11. Bd3 Be6 12. f4 g4 13. Nge2 Bd6 14. O-O-O a5 15.
f5 Bd7 16. e4 Na6 17. Bxa6 Rxa6 18. Rdf1 b5 19. e5 Be7 20. f6 Bf8 21. Nf4 Bh6
22. Ne2 Bg5 23. Kb1 Qc8 24. Nxh5 Kd8 25. Ng7 Kc7 26. Qc5 Kb7 27. Rxh8 Qxh8 28.
Qe7 Kc8 29. e6 Qh7+ 30. Ka1 fxe6 31. Qf8+ Kc7 32. Ne8+ Bxe8 33. Qg7+ 1-0

[Event "London Classic Open 2018"]
[Site "London ENG"]
[Date "2018.12.15"]
[Round "8.18"]
[White "Turner, Matthew J"]
[Black "Ronka, Erik"]
[Result "1-0"]
[WhiteTitle "GM"]
[WhiteElo "2533"]
[BlackElo "2281"]
[WhiteFideId "402893"]
[BlackFideId "505080"]
[EventDate "2018.12.09"]

1. Nf3 d5 2. d4 Nf6 3. Bg5 Ne4 4. Bh4 c5 5. dxc5 Nc6 6. e3 Qa5+ 7. Nbd2 Nxd2 8.
Qxd2 Qxc5 9. Rd1 Bf5 10. Qxd5 Qxd5 11. Rxd5 Bxc2 12. Rc5 Be4 13. Nd2 Bg6 14. Bb5
Rc8 15. Ke2 e6 16. Rc4 a6 17. Bxc6+ Rxc6 18. Rxc6 bxc6 19. Nc4 Be7 20. Bxe7 Kxe7
21. Rd1 f6 22. Na5 Rc8 23. b4 Be8 24. Nb3 e5 25. a3 Rb8 26. Rd2 Rb5 27. Kd3 Bf7
28. Nc5 a5 29. Kc3 axb4+ 30. axb4 Rb8 31. Rd7+ Ke8 32. Ra7 Rd8 33. Rc7 Ra8 34.
Rxc6 Ra2 35. b5 Rxf2 36. e4 Rf1 37. b6 Rc1+ 38. Kd2 Rb1 39. b7 Ke7 40. Rc8 Kd6
41. b8=Q+ Rxb8 42. Rxb8 Kxc5 43. Rb7 Bg6 44. Ke3 f5 45. exf5 Bxf5 46. Rxg7 Kd5
47. g4 Bb1 48. Rb7 Bc2 49. Rb6 Bd1 50. h3 Bc2 51. h4 Bd1 52. g5 Bh5 53. Rh6 Bg6
54. h5 Bf5 55. Rf6 1-0

[Event "London Classic Open 2018"]
[Site "London ENG"]
[Date "2018.12.15"]
[Round "8.26"]
[White "Haribalu, V."]
[Black "Eggleston, David J"]
[Result "0-1"]
[BlackTitle "IM"]
[WhiteElo "2208"]
[BlackElo "2397"]
[WhiteFideId "5015189"]
[BlackFideId "412120"]
[EventDate "2018.12.09"]

1. d4 Nf6 2. Bf4 b6 3. c3 Bb7 4. e3 g6 5. h4 d6 6. Nd2 Nbd7 7. Ngf3 Bg7 8. Bd3
O-O 9. e4 e5 10. Bg5 Qe8 11. Qe2 h6 12. dxe5 Ng4 13. exd6 hxg5 14. Nxg5 Nde5 15.
Bb5 Bc6 16. Bxc6 Qxc6 17. f4 Qxd6 18. fxe5 Nxe5 19. O-O-O Rad8 20. Ndf3 Qc5 21.
Nxe5 Rxd1+ 22. Rxd1 Qxe5 23. Kb1 Qf4 24. g4 Qg3 25. Rh1 Bf6 26. Qf3 Qe5 27. Qe3
Re8 28. Re1 Bxg5 29. hxg5 c5 30. Ka1 b5 31. a3 a5 32. Rh1 b4 33. cxb4 axb4 34.
Qh3 Qg7 35. Kb1 Rxe4 36. Qf3 Qe5 37. axb4 Rxb4 38. Qg2 Qe4+ 39. Qxe4 Rxe4 40.
Rc1 Re5 41. Kc2 Rxg5 42. Kd3 Rxg4 43. Rxc5 Kg7 44. Rc6 f5 45. Rb6 Kh6 46. b4 Kg5
47. b5 Rg3+ 48. Kd2 f4 49. Rc6 Kf5 50. Rc4 Rb3 51. Rc5+ Ke4 52. Kc2 Kd4 53. Rg5
Rg3 54. Rxg3 fxg3 55. b6 g2 56. b7 g1=Q 57. b8=Q Qf2+ 58. Kb3 Qf3+ 59. Ka2 Qd5+
60. Kb2 g5 61. Qb6+ Ke4 62. Qg6+ Kf4 63. Qf6+ Kg3 64. Qc3+ Qf3 65. Qe5+ Qf4 66.
Qe7 g4 67. Kc2 Kg2 68. Kb3 g3 69. Qe1 Qf2 70. Qe5 Qf3+ 71. Ka4 Qd3 72. Qf4 Qd5
73. Qg4 Qf3 74. Qd4 Kf1 75. Qc4+ Ke1 76. Qb4+ Ke2 77. Qb2+ Ke3 78. Qc1+ Kd4 79.
Qb2+ Qc3 80. Qb6+ Kd3 81. Qg6+ Kd2 82. Qg5+ Kc2 83. Qf5+ Qd3 84. Qc5+ Kb1 85.
Qg1+ Kb2 86. Qb6+ Ka2 87. Qe6+ Ka1 88. Qe1+ Kb2 89. Qb4+ Kc1 90. Qf4+ Kd1 91.
Qg4+ Ke1 92. Qh4 Qa6+ 93. Kb4 Qb6+ 94. Ka4 Qe3 95. Qh1+ Kf2 96. Qh4 Kg1 97. Qh7
Qe8+ 98. Ka5 Qe5+ 99. Ka4 Qa1+ 100. Kb5 g2 101. Qh4 Qe5+ 102. Ka4 Qe3 103. Qg4
Kf2 104. Qh4+ Kf1 105. Qc4+ Ke1 106. Qb4+ Kd1 107. Qg4+ Qe2 108. Qd4+ Qd2 109.
Qg1+ Kc2 110. Qc5+ Kb2 111. Qb6+ Kc1 112. Ka3 Qc3+ 113. Ka2 Qd2+ 114. Ka3 Qd3+
115. Ka2 Qd5+ 116. Ka1 Qa8+ 0-1

[Event "London Classic Open 2018"]
[Site "London ENG"]
[Date "2018.12.15"]
[Round "8.27"]
[White "McClement, Andrew"]
[Black "Sowray, Peter J"]
[Result "1/2-1/2"]
[BlackTitle "FM"]
[WhiteElo "2182"]
[BlackElo "2342"]
[WhiteFideId "2400480"]
[BlackFideId "400971"]
[EventDate "2018.12.09"]

1. e4 e5 2. Nf3 Nc6 3. Bb5 a6 4. Ba4 Nf6 5. O-O Be7 6. Re1 b5 7. Bb3 d6 8. c3
O-O 9. h3 Nb8 10. d4 Nbd7 11. a4 Bb7 12. Qd3 c5 13. axb5 axb5 14. Rxa8 Qxa8 15.
Qxb5 Bxe4 16. Nbd2 Bc6 17. Qe2 e4 18. Nh2 cxd4 19. cxd4 d5 20. Nb1 Qb7 21. Qc2
Bb5 22. Nc3 Bd3 23. Qd1 Rb8 24. Ba2 Nb6 25. Ng4 Nxg4 26. Qxg4 Bf6 27. Qf5 Qc8
28. Qxc8+ Rxc8 29. Be3 Bc4 30. Bxc4 Rxc4 31. Ra1 h6 32. Ra5 Bxd4 33. Bxd4 Rxd4
34. Rb5 Nc4 35. Nxd5 Rd1+ 36. Kh2 Rd2 37. Kg3 Nxb2 38. Nc3 f5 39. Nb1 f4+ 40.
Kxf4 Rxf2+ 41. Kxe4 Rxg2 42. Kf3 Rc2 43. Rb7 Nc4 44. Kg4 Nd6 45. Rd7 Ne4 46. Rb7
Kh7 47. Re7 Nf6+ 48. Kg3 Kg6 49. Rb7 Kh5 50. Rb5+ Kg6 51. Kf3 Nh7 52. Kg4 Rc4+
53. Kg3 Ng5 54. Rb3 Ne4+ 55. Kg2 Kh5 56. Na3 Rc1 57. Rb4 Ng5 58. Nb5 Rd1 59. Rb3
Ne6 60. Nc3 Rd3 61. Rb5+ g5 62. Ne4 Nf4+ 63. Kh2 Rxh3+ 64. Kg1 Re3 65. Nf2 Nh3+
66. Nxh3 Rxh3 67. Kg2 Ra3 68. Rb6 g4 69. Rc6 Kg5 70. Rb6 Ra2+ 71. Kg3 Ra3+ 72.
Kg2 h5 73. Rb2 Ra5 74. Rc2 h4 75. Rc8 Ra2+ 76. Kg1 Ra1+ 77. Kg2 Ra2+ 78. Kg1 h3
79. Rc5+ Kh4 80. Rc4 Re2 81. Rc8 Kg3 82. Rc3+ Kf4 83. Rc8 g3 84. Rf8+ Ke3 85.
Re8+ Kd2 86. Rd8+ Ke1 87. Rd3 Rg2+ 88. Kh1 Ke2 89. Rd2+ 1/2-1/2

[Event "London Classic Open 2018"]
[Site "London ENG"]
[Date "2018.12.15"]
[Round "8.32"]
[White "Merriman, John"]
[Black "Bezuidenhout, Roland"]
[Result "1/2-1/2"]
[BlackTitle "FM"]
[WhiteElo "2261"]
[BlackElo "2145"]
[WhiteFideId "402362"]
[BlackFideId "14304562"]
[EventDate "2018.12.09"]

1. d4 Nf6 2. c4 e6 3. Nc3 Bb4 4. e3 O-O 5. Ne2 Re8 6. a3 Bf8 7. d5 exd5 8. cxd5
d6 9. g3 c6 10. Bg2 cxd5 11. O-O Nc6 12. Nf4 Bg4 13. f3 Be6 14. Nfxd5 Nxd5 15.
Nxd5 Ne7 16. Nc3 d5 17. Qd2 1/2-1/2

[Event "London Classic Open 2018"]
[Site "London ENG"]
[Date "2018.12.15"]
[Round "8.41"]
[White "Head, Louise"]
[Black "Britton, Richard L"]
[Result "0-1"]
[WhiteTitle "WFM"]
[BlackTitle "FM"]
[WhiteElo "2079"]
[BlackElo "2186"]
[WhiteFideId "424773"]
[BlackFideId "401692"]
[EventDate "2018.12.09"]

1. d4 Nf6 2. c4 g6 3. Nc3 Bg7 4. e4 d6 5. Nf3 O-O 6. Be2 e5 7. Be3 Ng4 8. Bg5 f6
9. Bh4 Nc6 10. d5 Ne7 11. Nd2 Nh6 12. f3 c5 13. a3 b6 14. b4 g5 15. Bf2 f5 16.
exf5 Nhxf5 17. Nde4 Ng6 18. g3 Nd4 19. Rb1 a6 20. Be3 h6 21. O-O Ne7 22. Bd3
Nef5 23. Bf2 Ra7 24. g4 Nh4 25. Bxh4 gxh4 26. h3 Raf7 27. Be2 h5 28. Qd3 Bh6 29.
Kg2 Rg7 30. Kh1 Bf4 31. Bd1 Kh8 32. Rb2 Rfg8 33. Ne2 Bh6 34. Nxd4 exd4 35. bxc5
bxc5 36. Rb8 Qe7 37. Rb6 Bf4 38. Nf2 Re8 39. Ba4 Rf8 40. Qe4 Qg5 41. Qe2 Be5 42.
Bc2 Rgf7 43. Be4 Bg3 44. Rb8 Kg7 45. gxh5 Qxh5 46. Rg1 Kh8 47. Ng4 Qg5 48. Rb3
Re7 49. Qd3 Qf4 50. Rb2 Qg5 51. Kg2 Rf4 52. Rf1 Kg7 53. Rfb1 a5 54. Qd2 Rexe4
55. fxe4 Bxg4 56. hxg4 Qxg4 57. Rb3 Be1+ 58. Kh2 Bxd2 59. Rg1 Rf2+ 60. Kh1 Rf1
61. Rxf1 Qxe4+ 62. Rbf3 Bf4 63. Kg1 Qg6+ 64. Kh1 Be5 65. Rg1 Bg3 66. Kg2 Qe4 67.
Rf1 Kg6 68. Kh3 Kg5 69. Rf8 Qg4+ 70. Kg2 Qe2+ 0-1

[Event "London Classic Open 2018"]
[Site "London ENG"]
[Date "2018.12.15"]
[Round "8.42"]
[White "Keely, Leo A"]
[Black "Martinez, Ayelen"]
[Result "1-0"]
[BlackTitle "WIM"]
[WhiteElo "1964"]
[BlackElo "2185"]
[WhiteFideId "410241"]
[BlackFideId "118702"]
[EventDate "2018.12.09"]

1. e4 c5 2. Nc3 a6 3. f4 b5 4. g3 Bb7 5. Bg2 e6 6. d3 b4 7. Nce2 d5 8. exd5 Bxd5
9. Nf3 Nf6 10. O-O Ra7 11. f5 exf5 12. Nf4 Ba8 13. Re1+ Be7 14. a3 O-O 15. axb4
cxb4 16. Be3 Rc7 17. Qd2 Ng4 18. d4 Be4 19. c3 Nd7 20. h3 Ngf6 21. Rec1 Nb6 22.
Qe2 Nc4 23. Rxa6 Qc8 24. Raa1 bxc3 25. Rxc3 Bb4 26. Rcc1 Re8 27. Ne5 Nxe5 28.
dxe5 Rxe5 29. Bxe4 Rxe4 30. Rxc7 Qxc7 31. Kf2 g5 32. Nh5 Qc6 33. Ra6 Rxe3 34.
Nxf6+ Qxf6 35. Rxf6 Rxe2+ 36. Kxe2 g4 37. hxg4 fxg4 38. Rf4 Bd6 39. Rxg4+ Kf8
40. Kf3 Ke7 41. Rh4 Ke6 42. Rxh7 f6 43. g4 1-0

[Event "London Classic Open 2018"]
[Site "London ENG"]
[Date "2018.12.15"]
[Round "8.49"]
[White "Stigar, Petter"]
[Black "Grigoryan, Meri"]
[Result "1-0"]
[WhiteTitle "FM"]
[BlackTitle "WFM"]
[WhiteElo "2171"]
[BlackElo "2054"]
[WhiteFideId "1500341"]
[BlackFideId "13300571"]
[EventDate "2018.12.09"]

1. e4 d5 2. exd5 Qxd5 3. Nc3 Qd6 4. d4 Nf6 5. Nf3 a6 6. Bd3 Bg4 7. h3 Bh5 8. Ne4
Nxe4 9. Bxe4 Nc6 10. c3 Bg6 11. Qe2 e6 12. O-O Be7 13. Nd2 Qd7 14. Bf3 O-O 15.
Nc4 Rad8 16. Bf4 Rfe8 17. Rfd1 Bf8 18. Rd2 Qc8 19. Bxc6 bxc6 20. Ne5 Bd6 21.
Rad1 f6 22. Nxg6 hxg6 23. Qe4 Bxf4 24. Qxf4 Qd7 25. a3 Qd6 26. Qg4 Kf7 27. Rd3
Rh8 28. Qe2 Qd5 29. Re3 Ra8 30. Re1 Rhe8 31. Qc2 Rab8 32. R1e2 Qf5 33. Re4 Qb5
34. Qd2 Qd5 35. R4e3 Rbd8 36. Qd3 Qb5 37. Qc2 Qd5 38. Re1 Rb8 39. R3e2 Qf5 40.
Qd2 Qd5 41. Qf4 Qd6 42. Qe4 Qd5 43. Qd3 Qb5 44. Qg3 Rbc8 45. Rd2 Qc4 46. Qf4 Re7
47. Re5 Rb8 48. Rc5 Qa4 49. Qe4 Rb6 50. Qc2 Qxc2 51. Rxc2 Rd7 52. f4 Rd5 53. b4
Rxc5 54. dxc5 Rb8 55. Rd2 Ke7 56. Kf2 Ra8 57. Rd3 e5 58. fxe5 fxe5 59. Ke3 Rf8
60. Ke4 Ke6 61. Rf3 Rd8 62. Rg3 Kf6 63. Rd3 Ra8 64. Rd7 Ra7 65. g3 a5 66. h4
axb4 67. axb4 Ra1 68. Rxc7 Re1+ 69. Kf3 e4+ 70. Kf2 Rc1 71. Rxc6+ Kf5 72. b5
Rc2+ 73. Ke1 e3 74. Rc8 Ke4 75. Re8+ Kd3 76. Rd8+ Ke4 77. b6 Rc1+ 78. Rd1 Rxc3
79. b7 Rb3 80. c6 Kf3 81. c7 1-0

[Event "London Classic Open 2018"]
[Site "London ENG"]
[Date "2018.12.15"]
[Round "8.50"]
[White "Bin-Suhayl, Ieysaa"]
[Black "Pollack, Oscar"]
[Result "1-0"]
[WhiteElo "2038"]
[BlackElo "2150"]
[WhiteFideId "429031"]
[BlackFideId "429414"]
[EventDate "2018.12.09"]

1. d4 Nf6 2. c4 g6 3. Nc3 Bg7 4. e4 d6 5. f3 O-O 6. Be3 Nc6 7. Nge2 a6 8. Qd2
Rb8 9. Rc1 Bd7 10. b3 b5 11. cxb5 axb5 12. d5 Ne5 13. Nd4 b4 14. Ncb5 e6 15.
dxe6 fxe6 16. Nxc7 Qe7 17. Be2 Rfc8 18. O-O Rb7 19. Na6 d5 20. Rxc8+ Bxc8 21.
Rc1 Qe8 22. Nxb4 dxe4 23. Ba6 Rb8 24. Bf4 Nd5 25. Nxd5 Bxa6 26. Nc7 Qc8 27.
Ncxe6 Qe8 28. Nxg7 Kxg7 29. Bxe5+ Qxe5 30. Nc6 1-0

[Event "London Classic Open 2018"]
[Site "London ENG"]
[Date "2018.12.15"]
[Round "8.52"]
[White "Tozer, Philip A A"]
[Black "Kromhout, Ewan"]
[Result "1-0"]
[WhiteElo "2137"]
[BlackElo "2019"]
[WhiteFideId "419982"]
[BlackFideId "14300206"]
[EventDate "2018.12.09"]

1. c4 e6 2. g3 d5 3. Bg2 Nf6 4. Nf3 dxc4 5. Na3 Bd7 6. Ne5 Bc6 7. Nxc6 Nxc6 8.
Nxc4 Nd5 9. O-O Qd7 10. d4 Rd8 11. e4 Ndb4 12. d5 exd5 13. exd5 Nxd5 14. Qh5 Nf6
15. Qb5 Bd6 16. Qxb7 Nd4 17. Qxa7 Ne2+ 18. Kh1 O-O 19. Nxd6 Qxd6 20. Bg5 Rfe8
21. a4 Rb8 22. Bxf6 Qxf6 23. Qxc7 Qxb2 24. a5 Rec8 25. Qd6 Nc3 26. a6 Nb5 27.
Qf4 Na7 28. Be4 Qe2 29. Bb7 Rd8 30. Rfe1 Qb2 31. Qe3 Qd4 32. Qxd4 Rxd4 33. Rac1
Kf8 34. Rc7 Nb5 35. Rce7 Rd6 36. Kg2 g6 37. R7e3 Na7 38. Rc1 Rb6 39. Rc7 Nb5 40.
Rd7 Rf6 41. Rf3 Rxf3 42. Bxf3 Rb6 43. a7 Nxa7 44. Rxa7 Rd6 45. Be2 Rd4 46. Kf3
h5 47. Ke3 Rb4 48. h4 Kg7 49. Rd7 Kf6 50. Ra7 Ke6 51. Bd3 f5 52. Ra6+ Kf7 53.
Rc6 Kg7 54. Bc4 Ra4 55. Kf4 Kh6 56. Ke5 Ra5+ 57. Bd5 Rb5 58. Rd6 Kg7 59. Rd7+
Kh6 60. Kf6 Rb6+ 61. Be6 Ra6 62. Re7 Ra4 63. Rg7 Rg4 64. Bg8 g5 65. Rg6# 1-0

[Event "London Classic Open 2018"]
[Site "London ENG"]
[Date "2018.12.15"]
[Round "8.59"]
[White "Zhou, Yang-Fan"]
[Black "Taylor, Adam C"]
[Result "1/2-1/2"]
[WhiteTitle "IM"]
[BlackTitle "FM"]
[WhiteElo "2434"]
[BlackElo "2331"]
[WhiteFideId "468584"]
[BlackFideId "424668"]
[EventDate "2018.12.09"]

1. e4 e5 2. Nf3 Nc6 3. d4 exd4 4. Nxd4 Nf6 5. Nxc6 bxc6 6. e5 Qe7 7. Qe2 Nd5 8.
c4 Ba6 9. Nd2 f6 10. exf6 Nxf6 11. b3 O-O-O 12. Bb2 Qxe2+ 13. Bxe2 Re8 14. Kd1
Bd6 15. Bf3 Be5 16. Kc2 c5 17. Bxe5 Rxe5 18. Rae1 Rhe8 19. Rxe5 Rxe5 20. Kd3 Nd5
21. Bxd5 Rxd5+ 22. Kc3 Re5 23. f3 Re3+ 24. Kc2 Kd8 25. Kd1 Re6 26. h4 Bb7 27. h5
Ke7 28. Rh4 Re5 29. Kc2 Kf6 30. Kd3 Kg5 31. g3 1/2-1/2

[Event "London Classic Open 2018"]
[Site "London ENG"]
[Date "2018.12.15"]
[Round "8.60"]
[White "Venkataramanan, T.S."]
[Black "Rogacewicz, Mikolaj"]
[Result "1/2-1/2"]
[WhiteTitle "FM"]
[WhiteElo "2253"]
[BlackElo "1925"]
[WhiteFideId "5001579"]
[BlackFideId "21842981"]
[EventDate "2018.12.09"]

1. e4 e6 2. d4 d5 3. Nd2 Nf6 4. e5 Nfd7 5. Bd3 c5 6. c3 Nc6 7. Ne2 cxd4 8. cxd4
f6 9. exf6 Nxf6 10. O-O Bd6 11. Nf3 Qc7 12. Bg5 O-O 13. Qc2 Nb4 14. Qxc7 Bxc7
15. Bb1 Nc6 16. a3 Bd7 17. Re1 Rae8 18. Bf4 e5 19. dxe5 Nxe5 20. Nxe5 Bxe5 21.
Bxe5 Rxe5 22. Bd3 Rfe8 23. Kf1 Ne4 24. f3 Nc5 25. Rad1 Nxd3 26. Rxd3 Bb5 27. Rd2
Kf7 28. Kf2 Ba6 29. b4 Bc4 30. a4 b5 31. axb5 d4 32. Rc2 Bxb5 33. Nxd4 Rxe1 34.
Nxb5 R1e6 35. Nxa7 R8e7 36. Nc6 Rd7 37. f4 Kf6 38. b5 Red6 39. Ke3 Re6+ 40. Ne5
Rd5 41. Rc8 Rexe5+ 42. fxe5+ Rxe5+ 43. Kf4 Rf5+ 44. Ke4 Re5+ 45. Kf4 Rf5+ 1/2-1/2

[Event "London Classic Open 2018"]
[Site "London ENG"]
[Date "2018.12.15"]
[Round "8.61"]
[White "Dougan Maho, Harold"]
[Black "Cole, James"]
[Result "1-0"]
[WhiteElo "2204"]
[BlackElo "1914"]
[WhiteFideId "2257076"]
[BlackFideId "431818"]
[EventDate "2018.12.09"]

1. e4 c6 2. d4 d5 3. e5 Bf5 4. c3 e6 5. Be3 Qb6 6. Qb3 Nd7 7. f4 Ne7 8. Nf3 Bg6
9. Nbd2 Nf5 10. Bf2 h5 11. g3 f6 12. Be2 Rc8 13. c4 Kf7 14. O-O Qc7 15. Rac1 Ne7
16. Nh4 dxc4 17. Bxc4 Nd5 18. f5 1-0

[Event "London Classic Open 2018"]
[Site "London ENG"]
[Date "2018.12.15"]
[Round "8.62"]
[White "Laustsen, Lars"]
[Black "Rushbrooke, Remy"]
[Result "1-0"]
[WhiteElo "2186"]
[BlackElo "1909"]
[WhiteFideId "1407554"]
[BlackFideId "443590"]
[EventDate "2018.12.09"]

1. d4 Nf6 2. c4 Nc6 3. Nf3 e6 4. g3 Bb4+ 5. Bd2 Qe7 6. Nc3 O-O 7. Bg2 Na5 8. b3
b6 9. Qc2 Bb7 10. O-O Rac8 11. a3 Bxa3 12. e4 e5 13. dxe5 Ne8 14. Nd5 Bxd5 15.
exd5 Bb4 16. d6 1-0

[Event "London Classic Open 2018"]
[Site "London ENG"]
[Date "2018.12.15"]
[Round "8.63"]
[White "Balaji, Aaravamudhan"]
[Black "Quinn, John M"]
[Result "1/2-1/2"]
[WhiteElo "1914"]
[BlackElo "2160"]
[WhiteFideId "436224"]
[BlackFideId "405043"]
[EventDate "2018.12.09"]

1. d4 Nf6 2. c4 g6 3. Nf3 Bg7 4. Nc3 O-O 5. Bg5 d6 6. Bxf6 exf6 7. e3 c6 8. Be2
f5 9. O-O Nd7 10. Rc1 Nf6 11. Bd3 Re8 12. Qc2 Qe7 13. Nd2 b6 14. Rfe1 Bb7 15. h3
Nd7 16. Nf1 c5 17. d5 Nf6 18. Ng3 a6 19. a4 Nd7 20. Qd2 Qh4 21. b3 Ne5 22. Nf1
Re7 23. f4 Nd7 24. Qf2 Qh6 25. g4 fxg4 26. hxg4 Bxc3 27. Rxc3 Qg7 28. Rc2 Rae8
29. Qh4 Bc8 30. Rh2 Nf8 31. Rc2 Nd7 32. Rh2 Nf8 1/2-1/2

[Event "London Classic Open 2018"]
[Site "London ENG"]
[Date "2018.12.15"]
[Round "8.64"]
[White "Stewart, Ashley"]
[Black "Rizzoli, Aluna"]
[Result "1-0"]
[WhiteElo "2160"]
[BlackElo "1911"]
[WhiteFideId "419001"]
[BlackFideId "843881"]
[EventDate "2018.12.09"]

1. c4 Nf6 2. g3 e6 3. Bg2 d5 4. Nf3 Nbd7 5. O-O b6 6. d4 Bb7 7. cxd5 exd5 8. Nc3
Bb4 9. Qb3 Bxc3 10. Qxc3 O-O 11. Bf4 Rc8 12. Qa3 a5 13. Rac1 Ne4 14. Bh3 f6 15.
Be6+ Kh8 16. Bxd7 1-0

[Event "London Classic Open 2018"]
[Site "London ENG"]
[Date "2018.12.15"]
[Round "8.65"]
[White "Willmoth, Robert F"]
[Black "Vachtfeidl, Petr"]
[Result "1-0"]
[WhiteTitle "CM"]
[WhiteElo "2144"]
[BlackElo "1861"]
[WhiteFideId "402540"]
[BlackFideId "315028"]
[EventDate "2018.12.09"]

1. d4 Nf6 2. Nf3 g6 3. Bg5 Bg7 4. Nbd2 c5 5. c3 cxd4 6. cxd4 d5 7. e3 Nc6 8. Bd3
Bg4 9. O-O O-O 10. Rc1 Qb6 11. Qa4 Bxf3 12. Nxf3 Nd7 13. Bxe7 Rfe8 14. Bg5 Qxb2
15. Bb5 Nb6 16. Qb3 Qxb3 17. axb3 Rec8 18. Bxc6 bxc6 19. Rc2 Nd7 20. Rfc1 Rab8
21. Rxc6 Rxc6 22. Rxc6 Rxb3 23. g3 Nb6 24. Rc7 f6 25. Bf4 a5 26. Ra7 Nc4 27. Bc7
Rb1+ 28. Kg2 Ra1 29. Ng1 a4 30. Ne2 a3 31. Nc3 Bf8 32. Nxd5 Rc1 33. Be5 Bg7 34.
Nxf6+ Kf8 35. Nxh7+ Kg8 36. Rxg7+ Kh8 37. Rc7+ Kg8 38. Nf6+ Kf8 39. Bd6+ Nxd6
40. Rxc1 1-0

[Event "London Classic Open 2018"]
[Site "London ENG"]
[Date "2018.12.15"]
[Round "8.67"]
[White "Rohfleisch, Daniel"]
[Black "Lopez Gomez, Jose Pablo"]
[Result "0-1"]
[WhiteElo "1820"]
[BlackElo "2094"]
[WhiteFideId "12999881"]
[BlackFideId "5110645"]
[EventDate "2018.12.09"]

1. e4 e6 2. d4 d5 3. exd5 exd5 4. Nf3 Nc6 5. c3 Bd6 6. Bd3 Nge7 7. O-O Bf5 8.
Re1 Qd7 9. a4 O-O 10. Na3 a6 11. Nc2 Ng6 12. Bxf5 Qxf5 13. Ne3 Qh5 14. Qb3 Nf4
15. Qc2 Rfe8 16. Qf5 Rxe3 0-1